Co-management of living coastal resources in ASEAN : Theory, practice, and implicators for Viet Nam

Αποθηκεύτηκε σε:
Λεπτομέρειες βιβλιογραφικής εγγραφής
Μορφή: Βιβλίο
Γλώσσα:Undetermined
Έκδοση: Hanoi 1995
Θέματα:
Ετικέτες: Προσθήκη ετικέτας
Δεν υπάρχουν, Καταχωρήστε ετικέτα πρώτοι!
Thư viện lưu trữ: Trung tâm Học liệu Trường Đại học Cần Thơ
LEADER 00486nam a2200157Ia 4500
001 CTU_149598
008 210402s9999 xx 000 0 und d
082 |a 333.91 
082 |b C728 
245 0 |a Co-management of living coastal resources in ASEAN : 
245 0 |b Theory, practice, and implicators for Viet Nam 
260 |a Hanoi 
260 |c 1995 
650 |a Marine resources,Tài nguyên biển 
904 |i Nguyên 
980 |a Trung tâm Học liệu Trường Đại học Cần Thơ